000 00541nam a22001697a 4500
008 220214b |||||||| |||| 00| 0 eng d
020 _a1934758191
050 _aRT84.5
_b.J44 2014
100 _aJeffries, Pamela R.
245 _aClinical Simulations in Nursing Education
_bAdvanced Concepts, Trends, and Opportunities
_cPamela R. Jeffries
260 _aPhiladelphia
_bWolters kluwer
_c2014
300 _axxx, 280p.
650 _aEducation nursing
_vmethods
650 _aPatient simulation
650 _aProblem-Based
942 _2lcc
_cBK
999 _c19209
_d19208